Wymień 10 państw w której nazwie mają najwięcej liter - Statystyki

Ogólne statystyki
  • Ten quiz został rozwiązany 105 razy
  • Średni wynik to 7 z 10
Statystyki odpowiedzi
Litery Kraj % Poprawnych
26 Republika Południowej Afryki
89%
27 Demokratyczna Republika Konga
84%
27 Republika Zielonego Przylądka
84%
29 Wyspy Świętego Tomasza i Książęca
78%
26 Zjednoczone Emiraty Arabskie
75%
27 Republika Środkowoafrykańska
74%
22 Wybrzeże Kości Słoniowej
73%
22 Saint Vincent i Grenadyny
47%
18 Bośnia i Hercegowina
40%
17 Macedonia Północna
39%
Nie znaleziono quizów pasujących do podanych kryteriów
Rozkład punktacji
Procent ludzi z każdym wynikiem
Percentyl według liczby udzielonych odpowiedzi
Twoja historia wyników
Nie rozwiązałeś tego quizu